| 000 | 00471cam a22001217a 4500 | ||
|---|---|---|---|
| 008 | 180718b2000 xxu||||| |||| 00| 0 eng d | ||
| 082 | _aT19x5434 D/1956-1999 | ||
| 245 |
_aSome development facts of Rajasthan, 1956-1999 _cby Directorate of Economics and Statistics, Rajasthan |
||
| 260 |
_aJaipur _bDirectorate of Economics and Statistics _c2000 |
||
| 300 | _a38+p. | ||
| 650 | _aRajasthan - Economic conditions | ||
| 700 | _aRajasthan. Directorate of Economics and Statistics | ||
| 999 |
_c478452 _d478452 |
||